Necesidad y posibilidad de una formación intelectual sintética y vital (Registro nro. 68306)
[ vista simple ]
| 000 -LÍDER | |
|---|---|
| Campo fijo de descripción fija | 01471nab a2200193 i 4500 |
| 001 - NÚMERO DE CONTROL | |
| Campo de control | 768714001 |
| 003 - IDENTIFICADOR DEL NÚMERO DE CONTROL | |
| Campo de control | CO-MdFUSB |
| 005 - FECHA Y HORA DE LA ULTIMA TRANSACCIÓN | |
| control field | 20221019145213.0 |
| 008 - ELEMENTOS DE LONGITUD FIJA -- INFORMACIÓN GENERAL | |
| Campo fijo de descripción fija -- Información general | 221018b1955 ck ||||| |||| 00| 0 spa d |
| 040 ## - FUENTE DE CATALOGACIÓN | |
| Idioma de catalogación | spa |
| Agencia que realiza la transcripción | CO-MdFUSB |
| Agencia que realiza la modificación | CO-MdFUSB |
| 041 ## - CÓDIGO DE IDIOMA | |
| Código de idioma para texto/pista de sonido o título separado | spa |
| 100 ## - ASIENTO PRINCIPAL--NOMBRE PERSONAL | |
| Nombre personal | Hourton, Jorge, |
| Término relacionador | autor |
| 245 ## - TÍTULO | |
| Título | Necesidad y posibilidad de una formación intelectual sintética y vital |
| Mención de responsabilidad | / Jorge Hourton |
| 300 ## - DESCRIPCIÓN FÍSICA | |
| Extensión | Numero 16, (1965), páginas 57 - 64 |
| Dimensiones | ; 23 cm |
| 520 ## - NOTA DE RESUMEN, ETC. | |
| Nota de sumario, etc. | Las reflexiones que se exponen son un intento de responder al tema que se ha propuesto bajo el título "necesidad y posibilidad de una formación intelectual sintética y vital" para nuestros seminaristas. Tomamos el término "sintético", en el sentido etimológico: visión de conjuntos, es decir, nos proponemos considerar no los múltiples aspectos particulares del programa que tenemos actualmente en vigencia más o menos igual en todas partes , si no un enfoque global acerca de lo que podemos pretender como meta ideal hacia la cual orientar nuestros esfuerzos. Y "vital" significa para nosotros la proyección efectiva que debe tener una formación de futuros pastores de almas, tanto en sus vidas personales como en su futuro apostolado. |
| 653 ## - TÉRMINO DE INDIZACIÓN - NO CONTROLADO | |
| Término no controlado | Formación |
| 773 0# - ASIENTO DE ITEM FUENTE | |
| Biblionumber | 68207 |
| Itemnumber | 81327 |
| Asiento principal | Seminario Conciliar de Medellín, |
| Otro identificador del ítem | R2114 |
| Título | Revista del Seminario Conciliar de Medellín - Colombia. |
| Número de control del registro | (CO-MdFUSB)768714001 |
| Parte(s) relacionada(s) / Volumen., número. (mes año), páginas | Numero 15, (1965), páginas 57 - 64 |
| Enumeración y primera página | páginas 57 - 64 |
| 942 ## - TIPO DE MATERIAL (KOHA) | |
| Tipo de Item KOHA | Artículos de Revista |
No hay ítems disponibles.
